000 00526cab a2200205 4500
001 X1718
008 090401t1994 xxu||||| |||| 00| 0 eng d
035 _a(Sirsi) u18872
041 _aeng
245 _aRICS leads surveyors in voluntary move to metric
260 _c1994
350 _a0
490 _aCSM (Chartered Surveyor Monthly)
_v3(11) September 1994, 4(1)
650 _aMeasurement
_96256
650 _aMETRICATION
650 _aRICS
690 _aMAPPING AND MEASUREMENT
942 _n0
948 _c04/03/1997
999 _c12556
_d12556